| 000 | 00700nam a2200229 4500 | ||
|---|---|---|---|
| 999 |
_c5755 _d5755 |
||
| 001 | 5755 | ||
| 003 | BD-JhCC | ||
| 005 | 20190115134017.0 | ||
| 008 | 170924s2004 bg a|||| ||b| 000 0 ben d | ||
| 020 | _a9844584779 | ||
| 035 | _a(BD-JhCC) 5755 | ||
| 040 |
_aBD-JhCC _cBD-JhCC _dBD-JhCC |
||
| 041 | _aben | ||
| 082 |
_a510 _bROY 2004 |
||
| 100 | _aরায়, গৌরাঙ্গ দেব | ||
| 245 |
_aএকটুখানি গণিত / _cগৌরাঙ্গ দেব রায় |
||
| 260 |
_c2004. _aঢাকা : _bসময় প্রকাশন, |
||
| 300 |
_a326 পৃ. : _c22 সেমি. _billu; |
||
| 650 | _aMathematics | ||
| 942 |
_2ddc _cBK _02 |
||